Creation's heartbeat : (Record no. 827)

MARC details
000 -LEADER
fixed length control field 01066cam a2200325 a 4500
005 - DATE AND TIME OF LATEST TRANSACTION
control field 20260322212035.0
008 - FIXED-LENGTH DATA ELEMENTS--GENERAL INFORMATION
fixed length control field data
010 ## - LIBRARY OF CONGRESS CONTROL NUMBER
LC control number 95009141
020 ## - INTERNATIONAL STANDARD BOOK NUMBER
International Standard Book Number 0553375296
020 ## - INTERNATIONAL STANDARD BOOK NUMBER
International Standard Book Number 9780553375299
040 ## - CATALOGING SOURCE
Original cataloging agency DLC
Transcribing agency DLC
Modifying agency DLC
043 ## - GEOGRAPHIC AREA CODE
Geographic area code r------
050 00 - LIBRARY OF CONGRESS CALL NUMBER
Classification number BL2670
Item number .L46 1995
082 00 - DEWEY DECIMAL CLASSIFICATION NUMBER
Classification number 299/.4
Edition information 20
092 ## - LOCALLY ASSIGNED DEWEY CALL NUMBER (OCLC)
Classification number 299.4 L46 1995
001 - CONTROL NUMBER
control field data
100 1# - MAIN ENTRY--PERSONAL NAME
Personal name Leonard, Linda Schierse.
245 10 - TITLE STATEMENT
Title Creation's heartbeat :
Remainder of title following the reindeer spirit /
Statement of responsibility, etc. Linda Schierse Leonard.
260 ## - PUBLICATION, DISTRIBUTION, ETC.
Place of publication, distribution, etc. New York :
Name of publisher, distributor, etc. Bantam Books,
Date of publication, distribution, etc. 1995.
300 ## - PHYSICAL DESCRIPTION
Extent xvi, 240 p. :
Other physical details map ;
Dimensions 22 cm.
504 ## - BIBLIOGRAPHY, ETC. NOTE
Bibliography, etc. note Includes bibliographical references (p. [219]-223) and index.
600 10 - SUBJECT ADDED ENTRY--PERSONAL NAME
Personal name Leonard, Linda Schierse.
650 #0 - SUBJECT ADDED ENTRY--TOPICAL TERM
Topical term or geographic name entry element Reindeer
General subdivision Religious aspects.
650 #0 - SUBJECT ADDED ENTRY--TOPICAL TERM
Topical term or geographic name entry element Shamanism
Geographic subdivision Arctic regions.
650 #0 - SUBJECT ADDED ENTRY--TOPICAL TERM
Topical term or geographic name entry element Feminism
General subdivision Religious aspects.
650 #0 - SUBJECT ADDED ENTRY--TOPICAL TERM
Topical term or geographic name entry element Women and religion.
651 #0 - SUBJECT ADDED ENTRY--GEOGRAPHIC NAME
Geographic name Arctic regions
General subdivision Religion.
651 #0 - SUBJECT ADDED ENTRY--GEOGRAPHIC NAME
Geographic name Arctic regions
General subdivision Description and travel.
856 42 - ELECTRONIC LOCATION AND ACCESS
Materials specified Publisher description
Uniform Resource Identifier <a href="http://www.loc.gov/catdir/description/random0410/95009141.html">http://www.loc.gov/catdir/description/random0410/95009141.html</a>
Holdings
Withdrawn status Lost status Damaged status Not for loan Home library Current library Shelving location Date acquired Total checkouts Full call number Barcode Date last seen Price effective from Koha item type
        Franklin Franklin General stacks 22/03/2026   299/.4 20 BC0010851 22/03/2026 22/03/2026 Books